Three-Dimensional Simulation of Robot Path and Heat Transfer of a TIG-Welded Part with Complex Geometry
Princíp off-line programovania. Integrácia modelov prenosu tepla a off-line programovania.
Salvato in:
| Autore principale: | |
|---|---|
| Natura: | Capitolo di libro |
| Lingua: | inglese |
| Soggetti: | |
| Tags: |
Nessun Tag, puoi essere il primo ad aggiungerne!!
|
MARC
| LEADER | 00000naa$a2200000$$$4500 | ||
|---|---|---|---|
| 001 | 0274684 | ||
| 005 | 20240502083836.8 | ||
| 041 | 0 | |a eng | |
| 044 | |a HU | ||
| 245 | 1 | 0 | |a Three-Dimensional Simulation of Robot Path and Heat Transfer of a TIG-Welded Part with Complex Geometry |c Naqibullah Daneshjo |
| 520 | |a Princíp off-line programovania. Integrácia modelov prenosu tepla a off-line programovania. | ||
| 610 | 2 | 0 | |a simulácia |
| 610 | 2 | 0 | |a programovanie |
| 610 | 2 | 0 | |a roboty |
| 100 | 1 | |a Daneshjo, Naqibullah, 1964- | |